UBT Library

Taxes, expenditures, and the economic base; (Record no. 42986)

000 -LEADER
fixed length control field 00683cam a2200241 4500
001 - CONTROL NUMBER
control field 4568365
005 - DATE AND TIME OF LATEST TRANSACTION
control field 20180221034200.0
008 - FIXED-LENGTH DATA ELEMENTS--GENERAL INFORMATION
fixed length control field 740802s1974 nyu bs 001 0 eng
010 ## - LIBRARY OF CONGRESS CONTROL NUMBER
LC control number 74001742
020 ## - INTERNATIONAL STANDARD BOOK NUMBER
International Standard Book Number 0275088103
040 ## - CATALOGING SOURCE
Original cataloging agency DLC
Transcribing agency DLC
Modifying agency DLC
041 ## - LANGUAGE CODE
Language code of text/sound track or separate title eng
043 ## - GEOGRAPHIC AREA CODE
Geographic area code n-us-ny
080 ## - UNIVERSAL DECIMAL CLASSIFICATION NUMBER
Universal Decimal Classification number 336.7471
082 00 - DEWEY DECIMAL CLASSIFICATION NUMBER
Classification number 336.7471 BAH
100 1# - Rafti
Rafti 55
101 ## - Shkurtesa
Shkurtesa TAK
245 10 - TITLE STATEMENT
Title Taxes, expenditures, and the economic base;
Statement of responsibility, etc [by] Roy W. Bahl, Alan K. Campbell [and] David Greytak.
350 ## - PRICE (NR) (BK AM CF MU VM SE) [OBSOLETE]
Price $21.50
504 ## - BIBLIOGRAPHY, ETC. NOTE
Bibliography, etc Includes bibliographical references.
906 ## - LOCAL DATA ELEMENT F, LDF (RLIN)
a 7
b cbc
c orignew
d 1
e ocip
f 19
g y-gencatlg
942 ## - ADDED ENTRY ELEMENTS (KOHA)
Source of classification or shelving scheme
Item type Books
Holdings
Withdrawn status Lost status Source of classification or shelving scheme Damaged status Not for loan Collection code Permanent location Current location Shelving location Date acquired Total Checkouts Full call number Barcode Date last seen Price effective from Koha item type
          Koleksioni i përgjithshem UBT - Lipjan UBT - Lipjan Koleksioni i përgjithshem 02/21/2018   336.7471 BAH 002-2999842 02/21/2018 02/21/2018 Books
UBT Library © 2015-2024. All rights reserved University Education for Business and Technology